Load and Resistance Factor Design : manual of Steel construction [vol-1 / (Record no. 1922)
[ view plain ]
| 000 -LEADER | |
|---|---|
| fixed length control field | 00301 a2200097 4500 |
| 082 ## - DEWEY DECIMAL CLASSIFICATION NUMBER | |
| Classification number | 624.182102 AME |
| 245 ## - TITLE STATEMENT | |
| Title | Load and Resistance Factor Design : manual of Steel construction [vol-1 / |
| Statement of responsibility, etc. | AISC |
| 250 ## - EDITION STATEMENT | |
| Edition statement | 2nd. ed. |
| 260 ## - PUBLICATION, DISTRIBUTION, ETC. | |
| Place of publication, distribution, etc. | Washington: |
| Date of publication, distribution, etc. | AISC, |
| Name of publisher, distributor, etc. | 1998 |
| 300 ## - PHYSICAL DESCRIPTION | |
| Extent | various pages : |
| Other physical details | ill. ; |
| Dimensions | 25cm |
| 650 ## - SUBJECT ADDED ENTRY--TOPICAL TERM | |
| Topical term or geographic name entry element | steel construction |
| Withdrawn status | Lost status | Damaged status | Not for loan | Permanent Location | Current Location | Shelving location | Date acquired | Total Checkouts | Full call number | Barcode | Date last seen | Price effective from | Koha item type |
|---|---|---|---|---|---|---|---|---|---|---|---|---|---|
| School of Civil and Environmental Engineering (SCEE) | School of Civil and Environmental Engineering (SCEE) | 624.182102 AME | NIT-6432 | 02/20/2025 | 01/05/2017 | Book | |||||||
| School of Civil and Environmental Engineering (SCEE) | School of Civil and Environmental Engineering (SCEE) | NIT-6431 | 01/05/2017 | 01/05/2017 | Book | ||||||||
| School of Civil and Environmental Engineering (SCEE) | School of Civil and Environmental Engineering (SCEE) | NIT-6433 | 01/05/2017 | 01/05/2017 | Book |
